000 00583cam a22002053a 4500
001 43620
003 PGUSA
005 20140828084007.0
008 130902s2013||||xxu|||||s|||||000 | eng d
040 _aPGUSA
_beng
042 _adc
100 1 _aStredder, Eleanor
245 1 0 _aDoing and Daring :
_bA New Zealand Story
_h[electronic resource] /
_cEleanor Stredder
260 _bProject Gutenberg,
_c2013
506 _aPublic domain in the USA.
516 _aElectronic text
830 0 _aProject Gutenberg
_v43620
856 4 0 _uhttp://www.gutenberg.org/ebooks/43620
942 _cEB
999 _c272871
_d272871